LEADER 01414cam0 2200301 450 001 E600200026171 005 20240319141139.0 010 $a8834835123 100 $a20070328d2003 |||||ita|0103 ba 101 $aita 102 $aIT 200 1 $aBiotecnologie e tutela del valore ambientale. Atti del Convegno svoltosi sul Belvedere di San Leucio (Caserta) nei giorni 6 e 7 giugno 2002 organizzato dalla Facoltà di Giurisprudenza in collaborazione con la Facoltà di Scienze ambientali della Seconda Università degli Studi di Napoli$fa cura di Lorenzo Chieffi 210 $aTorino$cGiappichelli$d2003 215 $a257 p.$d24 cm 225 2 $aMateriali e studi di diritto pubblico$v7 300 $a(rp) 300 $aIn testa al front. : Seconda Università degli Studi di Napoli - Dipartimento di Discipline Giuridiche italiane, europee e comparate - Jean Monnet project - European module 410 1$1001LAEC00023453$12001 $a*Materiali e studi di diritto pubblico$v7 702 1$aChieffi, Lorenzo <1955->$3AF00022819$4070 801 0$aIT$bUNISOB$c20240319$gRICA 850 $aUNISOB 852 $aUNISOB$j340$m133275 912 $aE600200026171 940 $aM 102 Monografia moderna SBN 941 $aM 957 $a340$b005629$gSi$d133275$rdono$1pomicino$2UNISOB$3UNISOB$420070328095652.0$520240319141139.0$6rovito 996 $aBiotecnologie e tutela del valore ambientale$966010 997 $aUNISOB LEADER 01005nam0 22002411i 450 001 UON00182905 005 20231205103140.79 010 $a88-7673-015-X 100 $a20030730d1984 |0itac50 ba 101 $aita 102 $aIT 105 $a|||| 1|||| 200 1 $aTribunale della libertà$eil procedimento di riesame dei provvedimenti restritt ivi dalla teoria alla pratica$fAntonio Bevere 210 $aRoma$cSapere 2000$d1984 - 11 1 p. ; 21 cm 410 1$1001UON00171720$12001 $aCritica del diritto. Quaderni $1210 $aRoma$cSapere 2000$v4 606 $aDiritto penale$xLeggi speciali$3UONC037846$2FI 700 1$aBEVERE$bAntonio$3UONV105578$00 801 $aIT$bSOL$c20250221$gRICA 899 $aSIBA - SISTEMA BIBLIOTECARIO DI ATENEO$2UONSI 912 $aUON00182905 950 $aSIBA - SISTEMA BIBLIOTECARIO DI ATENEO$dSI PEN B 0262 $eSI SC 23359 5 0262 996 $aTribunale della libertà$9818081 997 $aUNIOR LEADER 02529nam0 22004933i 450 001 RAV0222730 005 20251003044327.0 020 $aIT$bS9-7731 100 $a19930811d1977 ||||0itac50 ba 101 | $aita 102 $ait 181 1$6z01$ai $bxxxe 182 1$6z01$an 183 1$6z01$anc$2RDAcarrier 200 1 $aˆIl ‰processo capitalistico$ecicli economici$fJoseph A. Schumpeter 205 $aEd. ridotta$fa cura di Rendigs Fels 210 $aTorino$cBoringhieri$d1977 215 $a526 p.$d21 cm 225 | $aTesti e manuali della scienza contemporanea$i. Serie di economia 300 $aTrad. di Giovanna Ricoveri 410 0$1001RAV0107631$12001 $aTesti e manuali della scienza contemporanea$i. Serie di economia 500 10$aBusiness cycles.$3RAV0222732$9CFIV003994$915013 606 $aCicli economici$2FIR$3CFIC021066$9E 676 $a338.5$9ECONOMIA GENERALE DELLA PRODUZIONE$v12 676 $a338.542$9FLUTTUAZIONI ECONOMICHE. CICLI ECONOMICI$v19 676 $a338.542$9CICLI ECONOMICI$v20 676 $a338.542$9FLUTTUAZIONI ECONOMICHE. CICLI ECONOMICI$v21 700 1$aSchumpeter$b, Joseph A.$3CFIV003994$4070$050457 702 1$aFels$b, Rendigs$3MILV230399 790 1$aSchumpeter$b, Joseph$3CFIV241417$zSchumpeter, Joseph A. 790 1$aSchumpeter$b, Joseph Alois$3CFIV258671$zSchumpeter, Joseph A. 790 1$aSchumpeter$b, Josef$3SBNV070746$zSchumpeter, Joseph A. 790 1$aSchumpeter$b, J. A.$3SBNV070748$zSchumpeter, Joseph A. 801 3$aIT$bIT-000000$c19930811 850 $aIT-BN0095 $aIT-NA0079 $aIT-NA0452 901 $bNAP BN$cMAGAZZINO $nmagazzini correnti divisi per anni 901 $bNAP BN$cB $nComprende volumi con collocazioni per formato catalogati prima del 1987. La consegna del doc. é effettuata dall'Uff. Distribuzione. 901 $bNAP IS$cISEM $nSezione di storia economica dell'ex Istituto di storia economica del Mezzogiorno 901 $bNAP 01$cPOZZO LIB.$nVi sono collocati fondi di economia, periodici di ingegneria e scienze, periodici di economia e statistica e altri fondi comprendenti documenti di economia pervenuti in dono. 912 $aRAV0222730 950 0$aBiblioteca Centralizzata di Ateneo$c1 v.$d 01POZZO LIB.ECON MON 9577$e 0101 0000087655E VMF 1 v. (precedente collocazione: GUERRAZZI A 37)$fB $h20071008$i20071008 977 $a 01$a BN$a IS 996 $aBusiness cycles$915013 997 $aUNISANNIO